000 00953nam a2200241 i 4500
003 DO-SdBNP
005 20250304134618.0
007 ta
008 250304b2001 dr ||||| |||| 00| 0 spa d
040 _aDO-SdBNP
_bspa
_cBNPHU
_erda
082 4 _axxx
_bR426no
_222
110 1 _aRepública Dominicana.
_bSecretaría de Estado de Medio Ambiente y Recursos Naturales.
_914503
245 1 0 _aNormas y procedimientos para los permisos forestales
264 1 _aSanto Domingo :
_bSecretaría de Estado de Medio Ambiente y Recursos Naturales,
_c2001.
300 _a23 páginas ;
_c22 cm.
336 _atexto
_btxt
_2rdacontent
337 _asin mediación
_bn
_2rdamedia
338 _avolumen
_bnc
_2rdacarrier
505 _aParte 1 : Aspectos General--
_tParte 2 : Tarifas por servicio para los permisos forestales--
_tParte 3 : Documentación requerida para los permisos forestales.
590 _aInventariado 2024 / MF
910 _aBtavárez
942 _2ddc
_cLF2
999 _c58288
_d58288